| 000 | 00399nam a2200145Ia 4500 | ||
|---|---|---|---|
| 008 | 231129s2010||||xx |||||||||||||| ||spa|| | ||
| 020 | _a978-958-98845-1-5 | ||
| 040 | _bspa | ||
| 082 | _a808.831 Q8l | ||
| 100 | _aQuiroga Alberto | ||
| 245 | 0 | _aLecturas fantásticas: Antologia | |
| 260 | _c2010 | ||
| 264 | _aFundación secretos para contar | ||
| 942 |
_2ddc _cBKS |
||
| 999 |
_c19079 _d19079 |
||